|
|
|
|
| LEADER |
00000nam0a2200000 4500 |
| 001 |
29585 |
| 005 |
20231030203540.0 |
| 010 |
|
|
|a 5845900441
|
| 035 |
|
|
|a (RuTPU)RU\TPU\book\29850
|
| 035 |
|
|
|a BOOK00000144
|
| 090 |
|
|
|a 29585
|
| 100 |
|
|
|a 20011209d2001 u y0rusy50 ca
|
| 101 |
1 |
|
|a rus
|
| 102 |
|
|
|a RU
|
| 105 |
|
|
|a f 001|y
|
| 200 |
1 |
|
|a Использование HTML 4
|e учебное пособие
|f Л. Паттерсон, С. Шарльворс, Д. Корнелиус, Б. Слоан
|
| 205 |
|
|
|a 3-е изд.
|
| 210 |
|
|
|a Москва
|c Вильямс
|d 2001
|
| 215 |
|
|
|a 399 с.
|
| 320 |
|
|
|a Предм. указ.: с. 383-394.
|
| 610 |
1 |
|
|a программирование
|
| 610 |
1 |
|
|a машинная графика
|
| 610 |
1 |
|
|a языки разметки
|
| 610 |
1 |
|
|a HTML
|
| 610 |
1 |
|
|a использование
|
| 610 |
1 |
|
|a учебные пособия
|
| 675 |
|
|
|a 681.327.1(07)
|v 3
|
| 701 |
|
1 |
|a Паттерсон
|g Луиза
|
| 701 |
|
1 |
|a Шарльворс
|g Сью
|
| 701 |
|
1 |
|a Корнелиус
|g Джоди
|
| 701 |
|
1 |
|a Слоан
|g Блисс
|
| 801 |
|
0 |
|a RU
|b 63413507
|c 20011209
|g PSBO
|
| 942 |
|
|
|c BK
|